Person of Interest Trivia - Statistics

General Stats
  • This quiz has been taken 224 times
  • The average score is 9 of 20
Answer Stats
Question Answer % Correct
What is the group of dirty cops in the NYPD? HR
80%
What is Shaw's first name? Sameen
73%
What is Carter's first name? Joss
71%
Who is the head of the Brotherhood? Dominic
67%
Who had control of the streets before the brotherhood? Elias
65%
Who was Finch's fiance? Grace
59%
What is John's nickname according to the police? man in the suit
57%
What is Dominic's nickname? Mini
54%
What company created Samaratin? Decima
46%
What is John's name when he is undercover as a cop? Detective Riley
45%
What is Harold's undercover job? a professor
42%
Who was John's girlfriend when he was in the army? Jessica
41%
What is the enemy of the machine? Samaratin
41%
What is Carter's son's name? Taylor
38%
Who did Shaw work for before Finch? Control
37%
Where did the team lose Shaw? the stock exchange
26%
Who is the head of HR? Alonzo Quinn
24%
What piece of machinery is in Root's head? Cochlear implant
20%
Who does Samaratin recruit from the Nautilus contest? Claire
18%
What is Finch's undercover name? Professor Whistler
10%
No matching quizzes found
Score Distribution
Percent of People with Each Score
Percentile by Number Answered
Your Score History
You have not taken this quiz